| 000 | 00000nam##2200000za#4500 |
| 001 | 9.691445 |
| 003 | CaOODSP |
| 005 | 20260106135350 |
| 007 | cr ||||||||||| |
| 008 | 150407|2008||||xxc|||||o f|0| 0 eng|d |
| 020 | |a978-1-100-10729-5 |
| 040 | |aCaOODSP|beng |
| 043 | |an-cn--- |
| 086 | 1 |aM154-17/2008E-PDF |
| 110 | 2 |aCANMET Energy Technology Centre (Canada) |
| 245 | 10|aCCTRM – Canada's clean coal technology roadmap |h[electronic resource] |
| 260 | |aOttawa - Ontario : |bNatural Resources Canada. |c[2008]. |
| 300 | |a82p.|bfigs., glossary, graphs, maps, references, tables, photographs |
| 590 | |a14-03-Supp|b2014-01-17 |
| 690 | 07|aAlternative energy|2gcpds |
| 775 | 08|tCRTCE – Cartes routières technologiques du charbon écologique au Canada |w(CaOODSP)9.635775 |
| 856 | 40|ahttp://publications.gc.ca|qPDF|s312 KB|uhttps://publications.gc.ca/collections/collection_2014/rncan-nrcan/M154-17-2008-eng.pdf |